00896nam a2200265Ia 4500003000900000008004100009020002200050040001600072080001600088100003000104245007300134250001200207260003900219300001800258650002200276650002200298650002400320650002400344700003200368700002800400700003100428942000700459999001700466952014700483IN-BaIIA211028s9999 xx 000 0 eng d a978-0-470-64615-1 cIIA Library a536.24bINC aIncropera, Frank P935339 0aPrinciples of heat and mass transfercFrank P. Incropera...[et al.]  a7th ed. aSingaporebJohn Wiley & Sonsc2011 axxiii, 1048p. aConduction935222 aConvection921799 aHeat transfer97229 aMass transfer95001 aBergman, Theodore L.935340 aDewitt, David P.935341 aLavine, Adrienne S.935342 cBK c18410d18410 00104070aBANbBANcGENd2012-10-11eANJ g5194.00l1m4o536.24/ INCp19332r2025-06-13s2025-06-13v5194.00w2012-10-11yBKGRs. 5194.00